Espagne - 2022 - Statistiques

Statistiques générales
  • Ce quiz a été pris 35 fois
  • Le résultat moyen est 21 sur 26
Statistiques - réponses
Par images Réponse % Correct
Álvaro Morata
100%
Aymeric Laporte
100%
Dani Olmo
100%
Gavi
100%
Nico Williams
100%
Pedri
100%
Rodri
100%
Sergio Busquets
100%
Dani Carvajal
96%
Jordi Alba
96%
David Raya
93%
Marco Asensio
93%
Ansu Fati
89%
Carlos Soler
86%
Unai Simón
86%
Alejandro Balde
82%
Ferran Torres
82%
Koke
82%
César Azpilicueta
79%
Pablo Sarabia
71%
Eric García
68%
Marcos Llorente
68%
Robert Sánchez
68%
Pau Torres
43%
Yeremi Pino
39%
Hugo Guillamón
0%
Aucun quiz correspondant
Distribution des résultats
% des personnes avec chaque résultat
Percentile par nombre de réponses
Votre historique - résultats
Vous n’avez pas pris ce quiz